000 00650nam a2200241Ia 4500
003 OSt
005 20221005085323.0
006 a|||||r|||| 00| 0
007 ta
008 221004b |||||||| |||| 00| 0 eng d
024 _a18787
037 _bGift, 04/06/2015,
_cTextual
040 _aCRL
_cCRL
_beng
041 _2eng
_aeng
082 _aO11195:g, J3
100 _aAuerbach Erich
245 0 _aMimesis
260 _aNew York
_bDoubleday & Company U.S.A
_c1953
300 _a498p.
_ccm.
650 _aENGLISH LITERATURE
942 _hO11195:g, J3
_cTEXL
_2cc
999 _c994026
_d994026